000 03193cam a22012134i 4500
003 PE-LiUPU
005 20250813185616.0
008 150706s r 000 0 d
020 _a9788497273459
035 _a(Sirsi) i9788497273459
035 _a(Sirsi) i9788497273459
040 _aPE-LiUPU
_bspa
_cPE-LiUPU
_erda
049 _aPRUA
082 0 4 _a372.4
_bP91c
_221
100 1 _aPuente Ferreras, Aníbal,
_eautor.
245 1 0 _aEscola. Escala de conciencia lectora :
_b[Evaluación e intervención psicoeducativa de procesos y variables metacognitivas durante la lectura]. Cuaderno de elementos /
_cAníbal Puente Ferreras.
264 1 _aMadrid :
_bEOS,
_c[2009].
300 _a13 páginas ;
_c30 cm.
336 _atext
_2rdacontent
337 _aunmediated
_2rdamedia
338 _avolume
_2rdacarrier
500 _aTítulo tomado de la cubierta.
505 0 _aInstrucciones -- Escola 56 -- Escola 28-A -- Escola 28-B.
526 _aP202
526 _aP201
526 _aP163
526 _aP162
526 _aP161
526 _aP160
526 _aP148
526 _aP147
526 _aP146
526 _aP145
526 _aP144
526 _aP143
526 _aP142
526 _aP141
526 _aP140
526 _aP139
526 _aP138
526 _aP137
526 _aP136
526 _aP135
526 _aP134
526 _aP133
526 _aP129
526 _aP128
526 _aP127
526 _aP120
526 _aP119
526 _aP118
526 _aP116
526 _aP115
526 _aP114
526 _aP110
526 _aP109
526 _aP108
526 _aP104
526 _aP103
526 _aP102
526 _aP99
526 _aP98
526 _aP97
526 _aP96
526 _aP95
526 _aP93
526 _aP90
526 _aP89
526 _aP88
526 _aP83
526 _aP82
526 _aP62
526 _aP59
526 _aP58
526 _aP57
526 _aP51
526 _aP49
526 _aP48
526 _aP47
526 _aP29
526 _aP24
526 _aP20
526 _aP19
526 _aP17
526 _aP15
526 _aP14
526 _aP12
526 _aP10
526 _aP09
526 _aP08
526 _aP07
526 _aP06
526 _aP05
526 _aP04
526 _aP01
541 _g001-004803;
650 0 4 _aComprensión de lectura
_zEspaña
_xPruebas Psicopedagógicas
_vCuadernos, libros de apuntes, etc.
910 _agl
_bjv
_clch
_d20121120
942 _2ddc
_cBOOK
949 _aPGE 372.4 P91C
_wDEWEY
_c1
_i65743
_lPOSTGRADO
_mBUL
_p19.00
_r0
_sY
_tBOOK
_u2015-7-6
_xPOSGRADO
_PP57
_o.CIRCNOTE. No olvidar cambiar la fecha de devolución!!!!!!!
_o.STAFF. Colección General
994 _aC0
_bPEPRU
596 _a1
999 _aPGE 372.4 P91C
_wDEWEY
_c54165
_i65743
_f2021-11-8
_g5
_lCCODEBUL1
_mBUL
_p19.00
_r0
_sN
_tBOOK
_u2015-7-6
_xEDUCACION
_PP57
_0COMPRA
_o.CIRCNOTE. No olvidar cambiar la fecha de devolución!!!!!!!
_o.STAFF. Colección General
_d54165
980 _81
_gALBERTO SANCHEZ Responsable de Automatización